La mentalidad primitiva / (Record no. 91422)
[ view plain ]
| 000 -LEADER | |
|---|---|
| campo de control de longitud fija | 01184nam a2200265 i 4500 |
| 001 - NÚMERO DE CONTROL | |
| campo de control | 91422 |
| 003 - IDENTIFICADOR DE NÚMERO DE CONTROL | |
| campo de control | ES-MaACL |
| 005 - FECHA Y HORA DE LA ÚLTIMA TRANSACCIÓN | |
| campo de control | 20250404180504.0 |
| 007 - CAMPO FIJO DE DESCRIPCIÓN FÍSICA--INFORMACIÓN GENERAL | |
| campo de control de longitud fija | t| |
| 008 - DATOS DE LONGITUD FIJA--INFORMACIÓN GENERAL | |
| campo de control de longitud fija | 050131s1945 ag ||||1| spa d |
| 100 1# - ENTRADA PRINCIPAL--NOMBRE DE PERSONA | |
| Nombre de persona | Lévy-Bruhl, Lucien. |
| 9 (RLIN) | 72014 |
| 245 13 - MENCIÓN DEL TÍTULO | |
| Título | La mentalidad primitiva / |
| Mención de responsabilidad, etc. | Lucien Lévy-Bruhl ; traducción y prólogo de Gregorio Weinberg. |
| 250 ## - MENCION DE EDICION | |
| Mención de edición | [1ª ed. castellana]. |
| 260 ## - PUBLICACIÓN, DISTRIBUCIÓN, ETC. | |
| Lugar de publicación, distribución, etc. | Buenos Aires : |
| Nombre del editor, distribuidor, etc. | Lautaro, |
| Fecha de publicación, distribución, etc. | [1945] ( |
| Fabricante | Macagno, Landa y Cía.) |
| 300 ## - DESCRIPCIÓN FÍSICA | |
| Extensión | 458 p. ; |
| Dimensiones | 23 cm. |
| 510 ## - NOTA DE CITAS O REFERENCIAS BIBLIOGRÁFICAS | |
| Nombre de la fuente | CCPB, |
| Localización dentro de la fuente | 000929655-7. |
| 650 04 - PUNTO DE ACCESO ADICIONAL DE MATERIA--TÉRMINO DE MATERIA | |
| Término de materia o nombre geográfico como elemento de entrada | Etnopsicología. |
| 9 (RLIN) | 12602 |
| 650 04 - PUNTO DE ACCESO ADICIONAL DE MATERIA--TÉRMINO DE MATERIA | |
| Término de materia o nombre geográfico como elemento de entrada | Sociedad primitiva. |
| 9 (RLIN) | 17177 |
| 700 1# - ENTRADA AGREGADA--NOMBRE PERSONAL | |
| Nombre de persona | Weinberg, Gregorio. |
| 9 (RLIN) | 116354 |
| 852 ## - LOCALIZACIÓN | |
| Ubicación | ES-MaACL |
| Número de control de estantería | D-6535 |
| Sublocalización o colección | R.31545 |
| -- | R.M.6126 |
| itemnumber | 94763 |
| Ubicación en estantería | Sala Valle Inclán |
| Marcas de propiedad | Sello en tinta azul de la Bibñlioteca del Ateneo de Madrid. |
| Anotaciones manuscritas | Anotación manuscrita en tinta negra en página 9: "en 1935 / La / mythologia / primitive". |
| -- | Anotación manuscrita en tinta azul en página 21: "(???) / 1970". |
| condición física | El libro no tiene cubierta. |
| 942 ## - ELEMENTOS DE ENTRADA SECUNDARIOS (KOHA) | |
| Fuente del sistema de clasificación o colocación | Clasificación decimal universal |
| Tipo de ítem Koha | Libro impreso |
| Estatus retirado | Estado de pérdida | Estado de daño | No para préstamo | Biblioteca de origen | Biblioteca actual | Ubicación en estantería | Fecha de adquisición | Fuente de adquisición | Total de préstamos | Signatura topográfica completa | Código de barras | Visto por última vez | Precio de reemplazo | Tipo de ítem Koha |
|---|---|---|---|---|---|---|---|---|---|---|---|---|---|---|
| Biblioteca del Ateneo de Madrid | Biblioteca del Ateneo de Madrid | Sala Valle Inclán | 17/01/2008 | D-6535 | 901095447 | 23/02/2023 | 23/02/2023 | Libro impreso |
